| 000 | 00613nam a22001937a 4500 | ||
|---|---|---|---|
| 003 | NUST - PNEC | ||
| 005 | 20170116181157.0 | ||
| 008 | 160118b xxu||||| |||| 00| 0 eng d | ||
| 020 | _a9788131705735 | ||
| 040 | _cLIBRARY | ||
| 082 | _a621.382 PRO | ||
| 100 |
_916082 _aPROAKIS JOHIN |
||
| 245 |
_aFundamentals of communication systems _cJOHIN PROAKIS |
||
| 260 | _cc2013. | ||
| 300 | _a858 p. | ||
| 650 |
_916083 _aCommunication _xMIS |
||
| 856 | _uhttp://www.amazon.com/Fundamentals-Communication-Systems/dp/B007YTKNUC/ref=sr_1_1?ie=UTF8&qid=1455091662&sr=8-1&keywords=9788131705735 | ||
| 942 |
_2ddc _cBK |
||
| 999 |
_c71297 _d71297 |
||